00734nam a2200181 a 450000100100000000500170001000800410002704000250006808200140009324501240010726000340023130000470026549000700031249000280038271000440041083000700045483000280052400002978020240307073948.0110425s2004 dr acd 000 0 spa d aDO-SdBNPbspacBNPHU axxxbU54n04aUna nueva UASD :brendición de cuentas del Rector, Dr. Porfirio García Fernández, ante el Claustro Universitario. aSanto Domingo :bUASD,c2004. a48 p. :bil. ; retrs. ; diagram. ;c21 cm.1 aPublicaciones de la Universidad Autónoma de Santo Domingov11921 aActos académicosv1651 aUniversidad Autónoma de Santo Domingo 0aPublicaciones de la Universidad Autónoma de Santo Domingon1192 0aActos Académicosn165